000
00223nam a2200097Ia 4500
008
240331s9999 xx 000 0 und d
082
_b
ADI
100
_a
ICES. ed
245
2
_a
A directory :
_b
violence against women
942
_c
L
999
_c
2877
_d
2877